Сибирская дорога в космос

Bibliographic Details
Other Authors: Тестоедов Н. А. Николай Алексеевич (редактор)
Summary:ОАО "Информационные спутниковые системы имени академика М. Ф. Решетнёва" 50 лет.
Книга рассказывает о становлении ведущего предприятия ракетно-космической отрасли России — ОАО «Информационные спутниковые системы» имени академика М. Ф. Решетнёва». За 50 лет здесь создано свыше тысячи космических аппаратов связи, телевещания, ретрансляции, навигации, геодезии в интересах укрепления обороноспособности, социально-экономического развития страны, а также международного сотрудничества. Издание отражает историю сибирского спутникостроения, его современные проекты и перспективы развития.
Language:Russian
Published: Красноярск, Платина плюс, 2009
Subjects:
Format: Book
KOHA link:https://koha.lib.tpu.ru/cgi-bin/koha/opac-detail.pl?biblionumber=174964

MARC

LEADER 00000nam0a2200000 4500
001 174964
005 20231101223208.0
010 |a 9785986240879 
035 |a (RuTPU)RU\TPU\book\189729 
090 |a 174964 
100 |a 20100208d2009 m y0rusy50 ca 
101 0 |a rus 
102 |a RU 
105 |a a z 011zb 
200 1 |a Сибирская дорога в космос  |f под ред. Н. А. Тестоедова 
210 |a Красноярск  |c Платина плюс  |d 2009 
215 |a 128 с.  |c ил. 
300 |a ОАО "Информационные спутниковые системы имени академика М. Ф. Решетнёва" 50 лет. 
320 |a Хроника основных событий: с. 121-125. 
330 |a Книга рассказывает о становлении ведущего предприятия ракетно-космической отрасли России — ОАО «Информационные спутниковые системы» имени академика М. Ф. Решетнёва». За 50 лет здесь создано свыше тысячи космических аппаратов связи, телевещания, ретрансляции, навигации, геодезии в интересах укрепления обороноспособности, социально-экономического развития страны, а также международного сотрудничества. Издание отражает историю сибирского спутникостроения, его современные проекты и перспективы развития. 
600 1 |a Решетнёв  |b М. Ф.  |c конструктор, основоположник советсекой (российской) космонавтики  |c акедемик РАН, доктор технических наук  |f 1924-1996  |g Михаил Федорович  |2 stltpush  |3 (RuTPU)RU\TPU\pers\25708  |9 11618 
606 1 |a Космические летательные аппараты  |x Производство  |2 stltpush  |3 (RuTPU)RU\TPU\subj\15823  |9 42030 
610 1 |a ракетно-космическая промышленность 
610 1 |a история 
610 1 |a космические аппараты 
610 1 |a предприятия 
610 1 |a информационные спутниковые системы 
610 1 |a спутники 
610 1 |a космические геодезические комплексы 
610 1 |a спутниковые системы 
610 1 |a спутникостроение 
610 1 |a Сибирское ракетостроение 
675 |a 629.78(09)  |v 3 
702 1 |a Тестоедов  |b Н. А.  |g Николай Алексеевич  |4 340 
801 1 |a RU  |b 63413507  |c 20100208 
801 2 |a RU  |b 63413507  |c 20110304  |g RCR 
900 |a Спутниковые навигационные системы 
942 |c BK